Five-Letter Things Quiz Stats

 Plays Quiz Updated Jun 8, 2018

Score 0/47 Timer 10:00
4 Plays Today
% Correct
April
94.3%
March
94.2%
Earth
89.8%
Venus
87.4%
China
84.3%
Japan
79.7%
Maine
79.2%
Idaho
73.2%
Barack Obama
72.2%
Texas
72.1%
John Adams
68.4%
John Quincy Adams
68.4%
Cupid
67.6%
India
66.9%
Donald Trump
66.8%
Vixen
66.5%
Comet
65.6%
Richard Nixon
61.1%
Aries
53.1%
Chicago Bulls
47.6%
Libra
45.7%
Cindy
45.7%
Virgo
44.4%
Bobby
43.3%
% Correct
Peter
43.2%
Nepal
43.2%
Boron
41.7%
Ulysses S. Grant
40.4%
San Antonio Spurs
38.3%
Argon
38.2%
Orlando Magic
38%
Topaz
35.9%
Pearl
35.7%
Yemen
33.6%
John Tyler
32.3%
Xenon
31.6%
Atlanta Hawks
30%
Syria
30%
Sacramento Kings
29.7%
Qatar
28.2%
Milwaukee Bucks
27.7%
Rutherford B. Hayes
26.3%
Radon
26%
Crash
25.4%
Rocky
8.5%
Wings
7.5%
Marty
5.7%

You're not logged in!

Compare scores with friends on all Sporcle quizzes.
OR
Log In

Sporcle TV

Today on Sporcle TV


Watch our educational content, quiz creation guides, and fun videos on Sporcle TV.

Show Comments

Extras

Top Quizzes Today


Score Distribution

Your Account Isn't Verified!

In order to create a playlist on Sporcle, you need to verify the email address you used during registration. Go to your Sporcle Settings to finish the process.

Report this User

Report this user for behavior that violates our Community Guidelines.

Details: